=LDR 00000nam 2200000 4500 =001 INLIS000000000012924 =005 20200407110708 =035 ##$$a 0010-061300000012924 =008 200407################g##########0#ind## =041 ##$$a Ind =082 ##$$a 2x0 =090 ##$$a 2x0 Isy s =100 ##$$a Isyik, Husyein Hilmi =245 1#$$a Sosok muslim : $b Dalam pandangan islam /$c Husyein Helmi Isyik =260 ##$$a surabaya :$b Putra Pelajar,$c 2002 =300 ##$$a 160 hlm. ; $c 21 x 14 cm. =650 #4$$a Islam =850 ##$$a NBPNMAT =084 ##$$a 2x0 ISY s =250 ##$$a cet. 1 =990 ##$$a 10401112 =990 ##$$a 10401109 =990 ##$$a 10401110